A greater commission: (Record no. 10176)

000 -LEADER
fixed length control field 00621nam a2200193 a 4500
001 - CONTROL NUMBER
control field :::00007961$&:&@@
003 - CONTROL NUMBER IDENTIFIER
control field OkBaRHE
005 - DATE AND TIME OF LATEST TRANSACTION
control field 20100401160657.0
008 - FIXED-LENGTH DATA ELEMENTS--GENERAL INFORMATION
fixed length control field s1984 j 000 0 eng u
020 ## - INTERNATIONAL STANDARD BOOK NUMBER
International Standard Book Number 0802433022 (pbk.)
040 ## - CATALOGING SOURCE
Transcribing agency
100 1# - MAIN ENTRY--PERSONAL NAME
Personal name Culver, Robert Duncan.
245 12 - TITLE STATEMENT
Title A greater commission:
Remainder of title a theology for world missions.
260 ## - PUBLICATION, DISTRIBUTION, ETC. (IMPRINT)
Place of publication, distribution, etc Chicago, IL., :
Name of publisher, distributor, etc Moody Press
Date of publication, distribution, etc 1984
300 ## - PHYSICAL DESCRIPTION
Extent xvi, 176 p. ;
Dimensions 23 cm.
650 ## - SUBJECT ADDED ENTRY--TOPICAL TERM
Topical term or geographic name as entry element Missions
General subdivision Biblical Teaching
942 ## - ADDED ENTRY ELEMENTS (KOHA)
Source of classification or shelving scheme
Koha item type Books
Copies
Copy number Barcode Date last seen Withdrawn status Permanent Location Full call number Lost status Not for loan Source of classification or shelving scheme Price effective from Koha item type Shelving location Date acquired Damaged status
179612010-04-14 RHEMA Bible Training CollegeBV 2073 .C85 1984   2010-04-14BooksGeneral Stacks2010-04-14